000 00842nam a2200253Ia 4500
003 OSt
005 20220930082354.0
006 a|||||r|||| 00| 0
007 ta
008 220926b |||||||| |||| 00| 0 eng d
024 _a28,735
037 _cTheses
040 _aCRL
_cCRL
_beng
041 _2eng
_aeng
100 _aGuda Arundhati
_9531209
110 _aUniversity of Delhi. Faculty of Science. Department of Zoology
245 0 _aBulk purification and free subunit characterizationof luteinizing hormone and immunocytochemical investigations on the anterior pituitary of buffalo
260 _c2000
650 _aZOOLOGY
700 _a Prof T R Rao Gu.
_9531210
700 _aUniversity of Delhi. Faculty of Science. Department of Zoology
942 _cDIS
_2CC
999 _c873001
_d873001